01256nam a22002537a 4500999001700000003000900017008004100026040007100067082002400138100002200162245009400184260003900278300003000317440005500347505030500402650002500707650003200732650001500764700003800779700005000817942001600867945002100883952009800904 c17097d17097AR-CdUCM190507b ||||| |||| 00| 0 spa d aMUNICIPALIDAD PROVINCIAL DEL CUSCOcBIBLIOTECA MUNICIPAL DEL CUSCO 23ed.a119.47 /bB88 aBuenaventura, San aItinerario de la mente a Dios :bseguido de Reducción de las ciencias a la teología / aBuenos Aires :bM. Aguilar,c1962. a156 páginas ;c16.5 cm. aBiblioteca de Iniciación Filosófica.n6936930 aContenido: Grados de la elevación hasta Dios -- De la especulación de Dios en los vestigios que de El nos muestra este mundo sensible -- De la especulación de Dios en su imagen impresa en las potencias naturales -- De la especulación de Dios en su imagen reformada por los dones gratuitos ... aEscolasticismo97369 aTeología y ciencia936931 aDios91427 aMasa, Pablo (traducción)936932 aRodrigiez Huescar, Antonio (prólogo)936933 2ddccLIBROS aachld2019-05-07 002ddc4070aSHbSHcCARTd2019-05-07g30.00o119.47 / B88pSH0000012339r2019-05-07yLIBROS